[Event "Addis Ababa zt 4.4 (Women)"]
[Site "Addis Ababa"]
[Date "2022.05.07"]
[Round "7"]
[White "Melebo, Netsanet Lukas"]
[Black "Ayele, Hana Mulugeta"]
[Result "0-1"]
[WhiteElo "1436"]
[BlackElo "1408"]
[PlyCount "38"]
[EventDate "2022.05.02"]
[EventType "swiss"]
[EventRounds "9"]
[EventCountry "ETH"]
[SourceTitle "CBM 208 Extra"]
[Source "ChessBase"]
[SourceDate "2022.07.31"]
[SourceVersion "1"]
[SourceVersionDate "2022.07.31"]
[SourceQuality "1"]

1. d4 d5 2. c4 e6 3. Nc3 Nf6 4. Bg5 h6 5. Bh4 Be7 6. Nf3 a6 7. e3 Nbd7 8. a3 0-0 9. b4 dxc4 10. Bxc4 b5 11. Bb3 Bb7 12. 0-0 Re8 13. Re1 Rc8 14. e4 Nh7 15. Bxe7 Qxe7 16. Rc1 Ng5 17. Re3 Nxf3+ 18. Rxf3 Nf6 19. Bc2 Rcd8 0-1